Lets read with Cud in a Tub / (Record no. 105940)
[ view plain ]
| 000 -LEADER | |
|---|---|
| fixed length control field | 00480nam a2200181 a 4500 |
| 005 - DATE AND TIME OF LATEST TRANSACTION | |
| control field | 20140412111418.0 |
| 008 - FIXED-LENGTH DATA ELEMENTS--GENERAL INFORMATION | |
| fixed length control field | 070905s19uu xx 00 eng d |
| 020 ## - INTERNATIONAL STANDARD BOOK NUMBER | |
| International Standard Book Number | 1-74157-007-7 |
| 050 ## - LIBRARY OF CONGRESS CALL NUMBER | |
| Classification number | TR(GS 428.4 |
| Item number | G78 2004 |
| 100 ## - MAIN ENTRY--PERSONAL NAME | |
| Personal name | Graves, Sue |
| 245 ## - TITLE STATEMENT | |
| Title | Lets read with Cud in a Tub / |
| Statement of responsibility, etc | Sue Graves. |
| 260 ## - PUBLICATION, DISTRIBUTION, ETC. (IMPRINT) | |
| Place of publication, distribution, etc | Australia : |
| Name of publisher, distributor, etc | Hinkler books, |
| Date of publication, distribution, etc | 2004. |
| 300 ## - PHYSICAL DESCRIPTION | |
| Extent | 1 v. unp. |
| 440 ## - SERIES STATEMENT/ADDED ENTRY--TITLE | |
| Title | Pull and Learn Phonics |
| 650 ## - SUBJECT ADDED ENTRY--TOPICAL TERM | |
| Topical term or geographic name as entry element | Phonics |
| Withdrawn status | Lost status | Damaged status | Home library | Current library | Shelving location | Date acquired | Source of acquisition | Cost, normal purchase price | Total Checkouts | Full call number | Barcode | Date last seen | Price effective from | Koha item type |
|---|---|---|---|---|---|---|---|---|---|---|---|---|---|---|
| Elizalde Library | Elizalde Library | Teachers Reference Section | 09/05/2007 | 75.00 | TR(GS 428.4 G78 2004 | E11001 | 04/12/2014 | 04/12/2014 | Books | |||||
| Elizalde Library | Elizalde Library | Teachers Reference Section | 09/05/2007 | 75.00 | TR(GS 428.4 G78 2004 | E11000 | 04/12/2014 | 04/12/2014 | Books |